<?xml version="1.0" encoding="UTF-8"?>
<record
    xmlns:xsi="http://www.w3.org/2001/XMLSchema-instance"
    xsi:schemaLocation="http://www.loc.gov/MARC21/slim http://www.loc.gov/standards/marcxml/schema/MARC21slim.xsd"
    xmlns="http://www.loc.gov/MARC21/slim">

  <leader>01059nam a22003017a 4500</leader>
  <controlfield tag="003">OSt</controlfield>
  <controlfield tag="005">20250328152218.0</controlfield>
  <controlfield tag="008">250328b        |||||||| |||| 00| 0 eng d</controlfield>
  <datafield tag="020" ind1=" " ind2=" ">
    <subfield code="a">9780323482530 (hardcover)</subfield>
  </datafield>
  <datafield tag="040" ind1=" " ind2=" ">
    <subfield code="a">NUST</subfield>
    <subfield code="b">eng</subfield>
    <subfield code="c">NUST</subfield>
    <subfield code="d">NUST</subfield>
    <subfield code="e">rda</subfield>
  </datafield>
  <datafield tag="050" ind1=" " ind2=" ">
    <subfield code="a">SF997.5.R4 DIV</subfield>
  </datafield>
  <datafield tag="100" ind1=" " ind2=" ">
    <subfield code="a">Divers, Stephen J</subfield>
    <subfield code="e">Author</subfield>
  </datafield>
  <datafield tag="245" ind1=" " ind2=" ">
    <subfield code="a">Mader's reptile and amphibian medicine and surgery / </subfield>
    <subfield code="c">Stephen J Divers and Scott J Stahl.</subfield>
  </datafield>
  <datafield tag="250" ind1=" " ind2=" ">
    <subfield code="a">Third edition.</subfield>
  </datafield>
  <datafield tag="260" ind1=" " ind2=" ">
    <subfield code="a">St Louis, Missouri : </subfield>
    <subfield code="b">Elsevier,</subfield>
    <subfield code="c">2019.</subfield>
  </datafield>
  <datafield tag="300" ind1=" " ind2=" ">
    <subfield code="a">xxiv, 1,511 pages : </subfield>
    <subfield code="b">Illustrations ;</subfield>
    <subfield code="c">29 cm.</subfield>
  </datafield>
  <datafield tag="336" ind1=" " ind2=" ">
    <subfield code="2">rdamedia</subfield>
    <subfield code="a">text</subfield>
    <subfield code="b">txt</subfield>
  </datafield>
  <datafield tag="337" ind1=" " ind2=" ">
    <subfield code="2">rdamedia</subfield>
    <subfield code="a">unmediated</subfield>
    <subfield code="b">n</subfield>
  </datafield>
  <datafield tag="338" ind1=" " ind2=" ">
    <subfield code="2">rdamedia</subfield>
    <subfield code="a">volume</subfield>
    <subfield code="b">nc</subfield>
  </datafield>
  <datafield tag="504" ind1=" " ind2=" ">
    <subfield code="a">Includes bibliographical references and index.</subfield>
  </datafield>
  <datafield tag="650" ind1=" " ind2=" ">
    <subfield code="v">Reptiles. </subfield>
  </datafield>
  <datafield tag="650" ind1=" " ind2=" ">
    <subfield code="v">Amphibians.</subfield>
  </datafield>
  <datafield tag="650" ind1=" " ind2=" ">
    <subfield code="v">Animal Diseases -- surgery. </subfield>
  </datafield>
  <datafield tag="650" ind1=" " ind2=" ">
    <subfield code="v">Surgery, Veterinary -- methods.</subfield>
  </datafield>
  <datafield tag="650" ind1=" " ind2=" ">
    <subfield code="v">Veterinary anesthesia.</subfield>
  </datafield>
  <datafield tag="700" ind1=" " ind2=" ">
    <subfield code="a">Stahl, Scott J</subfield>
    <subfield code="e">Author</subfield>
  </datafield>
  <datafield tag="942" ind1=" " ind2=" ">
    <subfield code="2">lcc</subfield>
    <subfield code="c">BOOKS</subfield>
    <subfield code="e">Third edition.</subfield>
    <subfield code="h">SF997.5.R4 DIV</subfield>
    <subfield code="k">SF</subfield>
    <subfield code="m">DIV</subfield>
    <subfield code="n">0</subfield>
  </datafield>
  <datafield tag="999" ind1=" " ind2=" ">
    <subfield code="c">171523</subfield>
    <subfield code="d">171523</subfield>
  </datafield>
  <datafield tag="952" ind1=" " ind2=" ">
    <subfield code="0">0</subfield>
    <subfield code="1">0</subfield>
    <subfield code="2">LCC</subfield>
    <subfield code="4">0</subfield>
    <subfield code="7">0</subfield>
    <subfield code="8">NFIC</subfield>
    <subfield code="a">MAIN</subfield>
    <subfield code="b">MAIN</subfield>
    <subfield code="c">GEN</subfield>
    <subfield code="d">2025-03-28</subfield>
    <subfield code="e">Book Aid International</subfield>
    <subfield code="g">128.00</subfield>
    <subfield code="l">0</subfield>
    <subfield code="o">SF997.5.R4 DIV</subfield>
    <subfield code="p">92004057030</subfield>
    <subfield code="r">2025-03-28 15:25:03</subfield>
    <subfield code="t">63218</subfield>
    <subfield code="v">128.00</subfield>
    <subfield code="w">2025-03-28</subfield>
    <subfield code="y">BOOKS</subfield>
    <subfield code="z">Donation</subfield>
  </datafield>
  <datafield tag="952" ind1=" " ind2=" ">
    <subfield code="0">0</subfield>
    <subfield code="1">0</subfield>
    <subfield code="2">LCC</subfield>
    <subfield code="4">0</subfield>
    <subfield code="7">0</subfield>
    <subfield code="8">NFIC</subfield>
    <subfield code="a">MAIN</subfield>
    <subfield code="b">MAIN</subfield>
    <subfield code="c">GEN</subfield>
    <subfield code="d">2025-03-28</subfield>
    <subfield code="e">Book Aid International</subfield>
    <subfield code="g">128.00</subfield>
    <subfield code="l">0</subfield>
    <subfield code="o">SF997.5.R4 DIV</subfield>
    <subfield code="p">92004057272</subfield>
    <subfield code="r">2025-03-28 15:29:08</subfield>
    <subfield code="t">63219</subfield>
    <subfield code="v">128.00</subfield>
    <subfield code="w">2025-03-28</subfield>
    <subfield code="y">BOOKS</subfield>
    <subfield code="z">Donation</subfield>
  </datafield>
  <datafield tag="952" ind1=" " ind2=" ">
    <subfield code="0">0</subfield>
    <subfield code="1">0</subfield>
    <subfield code="2">LCC</subfield>
    <subfield code="4">0</subfield>
    <subfield code="7">0</subfield>
    <subfield code="8">NFIC</subfield>
    <subfield code="a">MEDICAL</subfield>
    <subfield code="b">MEDICAL</subfield>
    <subfield code="c">GEN</subfield>
    <subfield code="d">2025-04-23</subfield>
    <subfield code="e">Book Aid International</subfield>
    <subfield code="g">128.00</subfield>
    <subfield code="l">0</subfield>
    <subfield code="o">SF997.5.R4 DIV</subfield>
    <subfield code="p">92004057365</subfield>
    <subfield code="r">2025-04-23 15:37:35</subfield>
    <subfield code="t">63217</subfield>
    <subfield code="v">128.00</subfield>
    <subfield code="w">2025-04-23</subfield>
    <subfield code="y">BOOKS</subfield>
    <subfield code="z">Donation</subfield>
  </datafield>
  <datafield tag="952" ind1=" " ind2=" ">
    <subfield code="0">0</subfield>
    <subfield code="1">0</subfield>
    <subfield code="2">LCC</subfield>
    <subfield code="4">0</subfield>
    <subfield code="7">0</subfield>
    <subfield code="8">NFIC</subfield>
    <subfield code="a">MEDICAL</subfield>
    <subfield code="b">MEDICAL</subfield>
    <subfield code="c">GEN</subfield>
    <subfield code="d">2025-07-05</subfield>
    <subfield code="e">Book Aid International</subfield>
    <subfield code="g">128.00</subfield>
    <subfield code="l">0</subfield>
    <subfield code="o">SF997.5.R4 DIV</subfield>
    <subfield code="p">92004057067</subfield>
    <subfield code="r">2025-07-05 11:36:49</subfield>
    <subfield code="t">63302</subfield>
    <subfield code="v">128.00</subfield>
    <subfield code="w">2025-07-05</subfield>
    <subfield code="y">BOOKS</subfield>
    <subfield code="z">Donation</subfield>
  </datafield>
</record>
